00654nam a2200193Ia 4500008004100000020002300041040001900064041001200083082003200095245007800127250001100205260004800216300002200264504006300286650003600349651002500385700002500410850002500435131103s9999 xx 000 0 und d a052168501XcRs 795 aLoreto College aEnglish a822.33/SHA-JACbLCLIB/45916 4aThe Cambridge Companion to Shakespeare on FilmcEdited by Russell Jackson a2nd ed aCambridgebCambridge University Pressc2007 axii,349p c 24 cm aIncludes bibliographical references, filmography and index aShakespeare, William, 1564-1616 aFilm and Shakespeare aJackson, Russell, ed aLCLIB/822.33/SHA-JAC